1922 1914 1820 1044 1153 1601 1158 1155 1326 1025 1298 1144 1788 1299 1507 1433 1505 1810 1537 1779 1225 1382 1272 1614 1333 1135 1942 1337 1520 1050 1109 1455 1830 1939 1119 1056 1096 1728 1976 1967 1981 1940 1381 1652 1913 1928 1185 1636 1648 1381 1291 1111 1877 1757 1180 1160 1825 1083 1377 1107 1437 1312 1418 1638 1523 1833 1457 1202 1782 1185 1682 1123 1447 1714 1943 1113 1857 1001 1373 1340 1658 1710 1116 1448 1871 1861 1980 1059 1190 1250 1595 1512 1789 1727 1152 1056 1240 1926 1678 BCNSPRNW ULIB Ver.6.0+V

เปลี่ยนเป็นภาษาไทย

Change to English
 แสดงรายละเอียดบรรณานุกรม
  กลับหน้าหลัก

Brief Record : Get Marc (ISO 2709) : E-mail record : QR code < ปิดหน้าต่าง
LEADER : 00000nam 2200000uu 4500
001    13399114340
003     ULIB
008    120323s2551||||th 000 0 tha d
020    ^a9789742126674
050  4 ^aAC158^bอ769ถ 2551
100 1  ^aอี, คยอง ซอน
245 10 ^aถ้าโลกนี้ไม่มีส้วม จะเป็นยังไง? /^cLee Kyeong Seon ;พรรณิภา น้ำใจเย็นฉ่ำ แปล
260    ^aกรุงเทพฯ :^bซีเอ็ดยูเคชั่น,^c2551
300    ^a208 หน้า :^bภาพประกอบ
500    ^aแปลจาก If there were no toilet?
650  7 ^aสิ่งประดิษฐ์
650  7 ^aวิทยาศาสตร์
700 00 ^aพรรณิภา น้ำใจเย็นฉ่ำ,^eผู้แปล
740 01 ^aIf there were no toilet?
945    ^p185^l0^i15246
995    ^aกัณชพร
999    ^aใช้งานได้ทุกระบบ
รายการนี้ยังไม่มีแท็ก
คุณยังไม่ได้ล็อกอิน คุณสามารถมีกิจกรรมร่วมกับเว็บไซต์ได้ แต่ต้องล็อกอินก่อน ::
  ล็อกอิน

รายการสื่อสารสนเทศ

ลำดับที่ ประเภท เลขเรียก/บาร์โค้ด สถานที่ สถานะ
- ไม่พบข้อมูล -

รายการใกล้เคียง
    ผู้แต่ง [อี, คยอง ซอน]

    หัวเรื่อง [สิ่งประดิษฐ์]
    หัวเรื่อง [วิทยาศาสตร์]

BibComment


ยังไม่เคยถูกคอมเมนท์

คอมเมนท์ทรัพยากรรายการนี้
  คอมเมนท์: ถ้าโลกนี้ไม่มีส้..


 Copyright 2026. Bcnsprnw @Library